El Gobierno de Mireya Moscoso cumplió seis meses: balance, expectativas y frustraciones /

Guardat en:
Dades bibliogràfiques
Autor principal: González Henriquez, Simeón Emilio
Format: Text
Matèries:
Etiquetes: Afegir etiqueta
Sense etiquetes, Sigues el primer a etiquetar aquest registre!

MARC

LEADER 00000 a a2200000 04500
001 18433
003
040
100 |a González Henriquez, Simeón Emilio  
245 |a El Gobierno de Mireya Moscoso cumplió seis meses:   |b balance, expectativas y frustraciones /  |c Simeón Emilio González Henriquez 
650 |a ESTADO  
650 |a NACION  
650 |a ECONOMIA  
650 |a POLITICA  
773 |g número 105; páginas 99-108  
999 |c 31632  |d 31632